[Event "SC Ansbach 1855 e.V. 1-SC Heilsbronn 1"]
[Site "?"]
[Date "2012.12.16"]
[Round "5.6"]
[White "Riess, Michael"]
[Black "Heinz, Manfred"]
[Result "0-1"]
[WhiteElo "1527"]
[BlackElo "1831"]
[PlyCount "38"]
[EventDate "2012.??.??"]
[WhiteTeam "SC Ansbach 1855 e.V. 1"]
[BlackTeam "SC Heilsbronn 1"]

1. e4 {[%emt 0:00:00]} c6 2. d4 d5 3. Nc3 dxe4 4. Nxe4 Bf5 5. Nc3 e6 6. Nf3 Nf6
7. Bd3 Bxd3 8. Qxd3 Nbd7 9. O-O Bd6 10. Ne4 Nxe4 11. Qxe4 Qa5 12. Bd2 Qh5 13.
Qh4 Qf5 14. c3 h6 15. Rfe1 Nf6 16. Ng5 Ke7 17. Qh3 Bxh2+ 18. Kf1 $4 Qb5+ 19.
Re2 hxg5 0-1

[Event "SC Ansbach 1855 e.V. 1-SC Heilsbronn 1"]
[Site "?"]
[Date "2012.12.16"]
[Round "5.7"]
[White "Frank, Werner"]
[Black "Lemke, Richard"]
[Result "1-0"]
[WhiteElo "2031"]
[BlackElo "1408"]
[PlyCount "85"]
[EventDate "2012.??.??"]
[WhiteTeam "SC Heilsbronn 1"]
[BlackTeam "SC Ansbach 1855 e.V. 1"]

1. d4 {[%emt 0:00:00]} d5 2. Bf4 Nf6 3. e3 e6 4. c3 c5 5. Nd2 Nc6 6. Bd3 cxd4
7. exd4 Bd6 8. Bg3 Qc7 9. Ngf3 h6 10. O-O Bd7 11. Re1 O-O-O 12. b4 Bxg3 13.
fxg3 Kb8 14. b5 Ne7 15. Qb3 b6 16. Ne5 Rhf8 17. Rac1 Qd6 18. Qb2 Bc8 19. Ndf3
Bb7 20. a4 g5 21. a5 Nd7 22. Nxd7+ Rxd7 23. Ne5 Rdd8 24. axb6 axb6 25. Ra1 f6
26. Nf3 Kc7 27. c4 Kd7 28. Ra7 Qb8 29. Qa3 Nc8 30. Rxb7+ Qxb7 31. c5 Qa7 32.
c6+ Kc7 33. Qb2 Rfe8 34. Ra1 Qb8 35. Bg6 Re7 36. Qb4 Nd6 37. Ra6 Rg8 38. Bd3
Nc8 39. Qa3 Nd6 $4 40. Ra7+ Kd8 41. Ra8 Kc8 42. Rxb8+ Kxb8 43. Qxd6+ 1-0

[Event "SC Ansbach 1855 e.V. 1-SC Heilsbronn 1"]
[Site "?"]
[Date "2012.12.16"]
[Round "5.8"]
[White "Hartstock, Elmar"]
[Black "Schiefer, Peter"]
[Result "1/2-1/2"]
[WhiteElo "1564"]
[BlackElo "1663"]
[PlyCount "43"]
[EventDate "2012.??.??"]
[WhiteTeam "SC Ansbach 1855 e.V. 1"]
[BlackTeam "SC Heilsbronn 1"]

1. c4 {[%emt 0:00:00]} Nf6 2. d4 g6 3. Nc3 d5 4. cxd5 Nxd5 5. e4 Nxc3 6. bxc3
Bg7 7. Bd3 c5 8. Ne2 cxd4 9. cxd4 Nc6 10. e5 O-O 11. Bb2 Be6 12. O-O Qb6 13.
Qd2 Rfd8 14. Rfb1 a6 15. Bc3 Qc7 16. Qe3 Qd7 17. Rd1 b5 18. a3 Bd5 19. f3 Qa7
20. Qf2 Bh6 21. Kf1 Rab8 22. Be4 1/2-1/2

[Event "SC Bechhofen 1923 e.V. 2-SF Fürth 1951 e"]
[Site "?"]
[Date "2012.12.16"]
[Round "5.1"]
[White "Koschka, Günther"]
[Black "Horstmann, Sven"]
[Result "0-1"]
[WhiteElo "1895"]
[BlackElo "2087"]
[PlyCount "60"]
[EventDate "2012.??.??"]
[WhiteTeam "SF Fürth 1951 e.V. 2"]
[BlackTeam "SC Bechhofen 1923 e.V. 2"]

1. e4 e6 2. d4 d5 3. exd5 exd5 4. Nf3 Bg4 5. Be2 Bd6 6. h3 Bh5 7. Ne5 Bxe2 8.
Qxe2 Ne7 9. O-O f6 10. Nd3 Qd7 11. Re1 Nbc6 12. c3 O-O-O 13. Bf4 g5 14. Bxd6
cxd6 15. b4 Nf5 16. Qf3 Nce7 17. Nd2 Kb8 18. g4 Nh4 19. Qxf6 Neg6 20. Qxg5 h5
21. Re3 hxg4 22. Qxg4 Nf5 23. Rf3 Ngh4 24. Rg3 Qh7 25. Nf4 Rdg8 26. Qe2 Nxg3
27. fxg3 Rxg3+ 28. Kf2 Rxc3 29. Qe6 Nf5 30. Rg1 Qh4+ 0-1

[Event "SC Bechhofen 1923 e.V. 2-SF Fürth 1951 e"]
[Site "?"]
[Date "2012.12.16"]
[Round "5.2"]
[White "Sandner, Andreas"]
[Black "Koschka, Robert"]
[Result "1/2-1/2"]
[WhiteElo "1815"]
[BlackElo "1869"]
[PlyCount "37"]
[EventDate "2012.??.??"]
[WhiteTeam "SC Bechhofen 1923 e.V. 2"]
[BlackTeam "SF Fürth 1951 e.V. 2"]

1. e4 e5 2. Nf3 Nf6 3. Nc3 Bb4 4. Nxe5 d6 5. Nf3 Bxc3 6. dxc3 Nxe4 7. Bd3 Nc5
8. h3 Nc6 9. O-O Nxd3 10. Qxd3 h6 11. Re1+ Be6 12. Qb5 O-O 13. Qxb7 Na5 14. Qb5
c6 15. Qh5 Nb7 16. Be3 c5 17. b3 Qf6 18. Bd2 Qf5 19. Rac1 1/2-1/2

[Event "SC Bechhofen 1923 e.V. 2-SF Fürth 1951 e"]
[Site "?"]
[Date "2012.12.16"]
[Round "5.3"]
[White "Körber, Thomas"]
[Black "Rieber, Rene"]
[Result "1-0"]
[WhiteElo "1947"]
[BlackElo "1944"]
[PlyCount "82"]
[EventDate "2012.??.??"]
[WhiteTeam "SF Fürth 1951 e.V. 2"]
[BlackTeam "SC Bechhofen 1923 e.V. 2"]

1. Nf3 Nf6 2. g3 d6 3. d4 g6 4. Bg2 Bg7 5. O-O O-O 6. c4 c5 7. Nc3 Nc6 8. d5
Na5 9. Nd2 Bd7 10. Qc2 Rb8 11. b3 b5 12. Bb2 Qb6 13. Rab1 Qa6 14. cxb5 Bxb5 15.
Nxb5 Rxb5 16. Rfc1 Rfb8 17. e4 Qb6 18. Bf1 c4 19. Nxc4 Nxc4 20. Bxc4 Rc8 21.
Qe2 Ra5 22. Bc3 Rac5 23. Bd4 Nd7 24. Bxc5 Rxc5 25. b4 Rc7 26. Bb5 Bd4 27. Bxd7
Rxd7 28. Rc6 Qb7 29. Qc4 Bc5 30. Rb3 Bb6 31. a4 Kg7 32. Qb5 Rd8 33. Kg2 Qa8 34.
Qc4 Rb8 35. Rc3 a5 36. bxa5 Qxa5 37. Rb3 Ba7 38. Ra6 Qe1 39. Rxa7 Rxb3 40. Qxb3
Qxe4+ 41. Qf3 Qb4 1-0

[Event "SC Bechhofen 1923 e.V. 2-SF Fürth 1951 e"]
[Site "?"]
[Date "2012.12.16"]
[Round "5.4"]
[White "Zimmermann, Arnulf"]
[Black "Körber, Christian"]
[Result "1-0"]
[WhiteElo "1916"]
[BlackElo "1736"]
[PlyCount "123"]
[EventDate "2012.??.??"]
[WhiteTeam "SC Bechhofen 1923 e.V. 2"]
[BlackTeam "SF Fürth 1951 e.V. 2"]

1. e4 d5 2. Nc3 dxe4 3. Nxe4 Bf5 4. Ng3 Bg6 5. Nf3 e6 6. Ne5 Bd6 7. Nxg6 hxg6
8. Qf3 c6 9. d3 Nd7 10. Bd2 Ngf6 11. O-O-O Ne5 12. Qe2 Neg4 13. h3 Qb6 14. Be1
a5 15. d4 Bf4+ 16. Kb1 Bxg3 17. fxg3 a4 18. a3 O-O-O 19. c3 Qb3 20. Rc1 Rd5 21.
Qc4 Qxc4 22. Bxc4 Rd7 23. Be2 Ne3 24. Bf2 Ned5 25. Bf3 b5 26. c4 bxc4 27. Rxc4
Rb7 28. Rhc1 Kd7 29. Rxa4 Rhb8 30. b4 Ne8 31. Ra5 Nd6 32. g4 Nb5 33. Kb2 Rc8
34. Rc5 Nf4 35. Kc2 Nd5 36. Bxd5 exd5 37. Kd3 Re8 38. Ra6 Re6 39. Rc2 Rc7 40.
Re2 Rxe2 41. Kxe2 Nc3+ 42. Kd3 Ne4 43. Be1 Rb7 44. Ra8 Kd6 45. a4 Ke6 46. Ra6
Kd7 47. Ra8 Ke6 48. Rc8 Kd6 49. Ke3 Re7 50. Kd3 Rb7 51. a5 Ng5 52. Bd2 Ne6 53.
Kc3 Kd7 54. Rh8 Kd6 55. h4 f5 56. gxf5 gxf5 57. h5 Rf7 58. Rh7 Nf8 59. Bf4+ Kd7
60. Rh8 Ne6 61. g3 Nf8 62. a6 1-0

[Event "SC Bechhofen 1923 e.V. 2-SF Fürth 1951 e"]
[Site "?"]
[Date "2012.12.16"]
[Round "5.5"]
[White "Hinzmann, Alexander"]
[Black "Lechner, Hans-Dieter"]
[Result "1-0"]
[WhiteElo "1673"]
[BlackElo "1825"]
[PlyCount "45"]
[EventDate "2012.??.??"]
[WhiteTeam "SF Fürth 1951 e.V. 2"]
[BlackTeam "SC Bechhofen 1923 e.V. 2"]

1. e4 c5 2. Nf3 e6 3. d4 cxd4 4. Nxd4 a6 5. Nc3 Qc7 6. Bd3 Nc6 7. Nf3 Nf6 8.
O-O b5 9. a3 Bb7 10. Ne2 Bc5 11. Bf4 e5 12. Bg5 Nh5 13. Nc3 h6 14. Nd5 Qd6 15.
Bd2 Ne7 16. Bc3 Ng6 17. Nxe5 Ngf4 18. Nxf4 Nxf4 19. Qf3 f6 20. Qxf4 fxe5 21.
Bxe5 Qg6 22. Bc3 Rf8 23. Qe5+ 1-0

[Event "SC Bechhofen 1923 e.V. 2-SF Fürth 1951 e"]
[Site "?"]
[Date "2012.12.16"]
[Round "5.6"]
[White "Christ, Helmut"]
[Black "Sand, Peter"]
[Result "1/2-1/2"]
[WhiteElo "1623"]
[BlackElo "1800"]
[PlyCount "54"]
[EventDate "2012.??.??"]
[WhiteTeam "SC Bechhofen 1923 e.V. 2"]
[BlackTeam "SF Fürth 1951 e.V. 2"]

1. d4 Nf6 2. c4 e6 3. Nc3 Bb4 4. Nf3 O-O 5. e3 b6 6. Bd3 Bb7 7. O-O Bxc3 8.
bxc3 Ne4 9. Bxe4 Bxe4 10. Nd2 Bb7 11. e4 f5 12. f3 Qh4 13. Qe1 Qxe1 14. Rxe1
Nc6 15. Ba3 Rfe8 16. c5 Na5 17. Rac1 bxc5 18. Bxc5 d6 19. Ba3 fxe4 20. fxe4
Rac8 21. c4 Nc6 22. Nf3 Nd8 23. d5 Nf7 24. Bb2 c5 25. h3 e5 26. Bc3 Ba6 27. Nd2
Rb8 1/2-1/2

[Event "SC Bechhofen 1923 e.V. 2-SF Fürth 1951 e"]
[Site "?"]
[Date "2012.12.16"]
[Round "5.7"]
[White "Großner, Josef"]
[Black "Rank, Klaus"]
[Result "1/2-1/2"]
[WhiteElo "1656"]
[BlackElo "1637"]
[PlyCount "34"]
[EventDate "2012.??.??"]
[WhiteTeam "SF Fürth 1951 e.V. 2"]
[BlackTeam "SC Bechhofen 1923 e.V. 2"]

1. e4 e5 2. Nf3 Nf6 3. Nxe5 d6 4. Nf3 Nxe4 5. d4 d5 6. Bd3 Bd6 7. Nc3 Nxc3 8.
bxc3 O-O 9. O-O h6 10. h3 Be6 11. a4 Nd7 12. Ba3 Bxa3 13. Rxa3 Re8 14. Re1 Qf6
15. Ra1 Bf5 16. Bxf5 Qxf5 17. Qd3 Qxd3 1/2-1/2

[Event "SC Bechhofen 1923 e.V. 2-SF Fürth 1951 e"]
[Site "?"]
[Date "2012.12.16"]
[Round "5.8"]
[White "Uhlmann, Andreas"]
[Black "Maschinski, Dieter"]
[Result "0-1"]
[WhiteElo "1552"]
[BlackElo "1717"]
[PlyCount "118"]
[EventDate "2012.??.??"]
[WhiteTeam "SC Bechhofen 1923 e.V. 2"]
[BlackTeam "SF Fürth 1951 e.V. 2"]

1. d4 d5 2. Nf3 Nf6 3. e3 e6 4. Bd3 Bd6 5. O-O Nbd7 6. b3 O-O 7. Bb2 Ne4 8.
Nbd2 f5 9. Ne5 Nxe5 10. dxe5 Nxd2 11. Qxd2 Be7 12. Qe2 Bd7 13. c4 c6 14. f4 Qe8
15. Rf3 Qh5 16. Qc2 Rac8 17. Rh3 Qf7 18. Kh1 g6 19. Rg1 dxc4 20. Bxc4 c5 21.
Be2 Bc6 22. Bf3 Rfd8 23. Bxc6 Rxc6 24. a4 Bf8 25. Rd1 Qe8 26. Rf3 Rc7 27. Rf2
Rcd7 28. Rfd2 Rxd2 29. Rxd2 Rxd2 30. Qxd2 Qc6 31. Qd3 Qd5 32. Qxd5 exd5 33. Bc3
Kf7 34. Kg1 Ke6 35. Kf2 b6 36. Ke2 Be7 37. Kd3 a6 38. Kc2 b5 39. axb5 axb5 40.
Kd3 b4 41. Be1 Kd7 42. h3 h5 43. g3 Kc6 44. Bd2 Kb5 45. h4 c4+ 46. bxc4+ dxc4+
47. Kc2 Kc5 48. e4 Kd4 49. exf5 gxf5 50. g4 fxg4 51. Be1 Ke4 52. Bg3 Kf5 53.
Kd2 Bc5 54. Kc2 Bd4 55. Be1 b3+ 56. Kc1 Kxf4 57. e6 Bc5 58. Bf2 Be7 59. Be3+
Kxe3 0-1